000 01051nam a2200265Ia 4500
005 20211111074540.0
008 130821s2006 ck ab gr spa
020 _a9588281476
040 _aCo-BoUCM
_bspa
041 0 0 _aspa
245 1 0 _aGeografía de Antioquia geografía histórica, física, humana y económica
_ccolaboradoes Oscar Almario García... [et al.]
250 _aEditor Michel Hermelin.
260 _aMedellín (Antioquia, Colombia)
_bFondo Editorial Universidad EAFIT
_c2006
300 _a340 páginas
_bilustraciones, mapas
490 _aEdiciones Universidad Eafit
650 0 4 _aGeografía de América
_926498
650 0 4 _aGeografía de Colombia
_916341
650 0 4 _aGeografía
_zAntioquia (Colombia)
_916335
651 _aAntioquia (Colombia)
_xEconomía
_9163321
651 _aAntioquia (Colombia)
_xGeografía física
_9163322
700 1 _aAlmario García, Oscar
_d1953-
_9163323
700 1 _aHermelin, Michel
_eed.
_9163324
942 _cLIBRO
_a2
_e1
_mG345
_2DEWEY
_h918.86126
999 _c51793
_d51793